Countries with English as Official Language - Sudden Death - Statistics

General Stats
  • This quiz has been taken 71 times
  • The average score is 7 of 14
Answers on the Grid
Answers color-coded by a green-red scale on the quiz's grid according to % correct below.
Bahrain
Benin
Cameroon
Canada
Cape verde
Comoros
Cyprus
Dominican Republic
Eritrea
Gambia
Ghana
Guyana
Kiribati
Malaysia
Malta
New Zealand
Pakistan
Panama
Papua New Guinea
Paraguay
Burundi
Saint Kitts and Nevis
Sudan
Zimbabwe
 
Answer Stats
Answer % Correct
Canada
100%
New Zealand
75%
Malta
56%
Saint Kitts and Nevis
50%
Zimbabwe
50%
Gambia
44%
Guyana
44%
Sudan
44%
Cameroon
38%
Ghana
38%
Kiribati
38%
Pakistan
31%
Papua New Guinea
31%
Malaysia
19%
No matching quizzes found
Score Distribution
Percent of People with Each Score
Percentile by Number Answered
Your Score History
You have not taken this quiz